[Event "MVP-ch Seniors op 19th"]
[Site "Ostseebad Binz"]
[Date "2019.11.27"]
[Round "1"]
[White "Schencke, Guenther"]
[Black "Strack Goertsches, Hans Juergen"]
[Result "0-1"]
[WhiteElo "1639"]
[BlackElo "1943"]
[PlyCount "80"]
[EventDate "2019.11.27"]
[EventType "swiss"]
[EventRounds "9"]
[EventCountry "GER"]
[SourceTitle "EXT 2021"]
[Source "ChessBase"]
[SourceDate "2020.10.23"]
[SourceVersion "1"]
[SourceVersionDate "2020.10.23"]
[SourceQuality "1"]

1. d4 d5 2. c4 e6 3. Nc3 Nf6 4. Bg5 Nbd7 5. cxd5 exd5 6. e3 c6 7. Bd3 Bd6 8. Nge2 0-0 9. Qc2 h6 10. Bh4 Re8 11. 0-0 Nf8 12. Bg3 Bg4 13. Bxd6 Qxd6 14. Ng3 g6 15. Rac1 Kg7 16. h3 Bd7 17. Rcd1 N8h7 18. Be2 Ng5 19. Bd3 h5 20. e4 dxe4 21. Ngxe4 Ngxe4 22. Bxe4 Qf4 23. f3 Qg5 24. Qd2 Qa5 25. Bb1 Rad8 26. Rfe1 Be6 27. Ne4 Qxd2 28. Rxd2 Bd5 29. Kf2 Nh7 30. Nc3 Rxe1 31. Kxe1 Be6 32. Be4 Nf6 33. b3 h4 34. Kf2 Nh5 35. Ne2 f5 36. Bd3 b5 37. Bb1 Kf6 38. g4 hxg3+ 39. Nxg3 Nf4 40. Ke3 Nxh3 0-1

[Event "MVP-ch Seniors op 17th"]
[Site "Binz"]
[Date "2017.12.02"]
[Round "4.56"]
[White "Schencke, Guenther"]
[Black "Hassenrueck, Helmut"]
[Result "0-1"]
[WhiteElo "1708"]
[BlackElo "2173"]
[PlyCount "42"]
[EventDate "2017.11.29"]
[EventType "swiss"]
[EventRounds "9"]
[EventCountry "GER"]
[SourceTitle "EXT 2019"]
[Source "ChessBase"]
[SourceDate "2018.10.10"]
[SourceVersion "1"]
[SourceVersionDate "2018.10.10"]
[SourceQuality "1"]

1. d4 Nf6 2. Nf3 e6 3. c4 b6 4. e3 Bb7 5. Be2 d5 6. b3 Nbd7 7. Bb2 Bd6 8. Nbd2 0-0 9. 0-0 Ne4 10. Ne5 f5 11. f3 Nxd2 12. Qxd2 Nf6 13. a4 Qe7 14. Qc1 Rad8 15. c5 bxc5 16. dxc5 Bxc5 17. Nd3 Bd6 18. Bd4 a5 19. Qc3 Ra8 20. Nc5 Bc8 21. Rfc1 e5 0-1

[Event "Lueneburg op-B"]
[Site "Lueneburg"]
[Date "2017.07.08"]
[Round "1"]
[White "Reuter, Elisa"]
[Black "Schencke, Guenther"]
[Result "1-0"]
[WhiteElo "1648"]
[BlackElo "1767"]
[PlyCount "142"]
[EventDate "2017.07.08"]
[EventType "swiss"]
[EventRounds "9"]
[EventCountry "GER"]
[SourceTitle "CBM 179 Extra"]
[Source "ChessBase"]
[SourceDate "2017.08.23"]
[SourceVersion "1"]
[SourceVersionDate "2017.08.23"]
[SourceQuality "1"]

1. e4 e6 2. d4 d5 3. Nc3 h6 4. e5 c5 5. f4 Nc6 6. Nf3 cxd4 7. Nxd4 Bb4 8. Be3 Nge7 9. a3 Ba5 10. b4 Bb6 11. Ncb5 0-0 12. Qd2 Nxd4 13. Nxd4 Bd7 14. Bd3 Rc8 15. 0-0 Qc7 16. Kh1 a6 17. a4 Nc6 18. Nxc6 Bxc6 19. Bxb6 Qxb6 20. a5 Qd8 21. f5 exf5 22. Bxf5 Bd7 23. Rac1 Be6 24. Rf3 Qc7 25. Qe3 Qd7 26. Bd3 Qe7 27. Rg3 Kh8 28. Qf4 f5 29. h4 Bg8 30. Re1 Bh7 31. Rf1 Qe6 32. Re1 Rf7 33. Rf3 Rg8 34. Rg3 g5 35. Qf3 f4 36. Rg4 Bf5 37. Bxf5 Rxf5 38. hxg5 Rgxg5 39. Rxf4 Rxe5 40. Rxe5 Qxe5 41. Rf8+ Rg8 42. Rxg8+ Kxg8 43. Qg4+ Qg5 44. Qxg5+ hxg5 45. Kg1 Kf7 46. Kf2 Kf6 47. g3 Ke5 48. Ke3 Kf5 49. c3 Kg4 50. Kf2 Kf5 51. Kf3 g4+ 52. Ke3 Ke5 53. Kd3 Ke6 54. Kd4 Kd6 55. Kd3 Ke6 56. Ke2 Ke5 57. Ke3 Kf5 58. Kd4 Ke6 59. Kc5 Ke5 60. Kb6 Ke4 61. Kxb7 Kf3 62. Kxa6 Kxg3 63. b5 Kf3 64. b6 g3 65. b7 g2 66. b8Q g1Q 67. Qf8+ Ke4 68. Qb4+ Kf5 69. Kb5 Qa7 70. Ka4 Qg1 71. Qd4 Qa1+ 1-0

[Event "Niedersachsen-ch Seniors 51st"]
[Site "Handeloh"]
[Date "2017.06.23"]
[Round "6"]
[White "Weczerek, Dieter"]
[Black "Schencke, Guenther"]
[Result "1/2-1/2"]
[WhiteElo "1762"]
[BlackElo "1575"]
[PlyCount "46"]
[EventDate "2017.06.18"]
[EventType "swiss"]
[EventRounds "7"]
[EventCountry "GER"]
[SourceTitle "EXT 2023"]
[Source "ChessBase"]
[SourceDate "2022.10.05"]
[SourceVersion "1"]
[SourceVersionDate "2022.10.05"]
[SourceQuality "1"]

1. e4 e6 2. d4 d5 3. Nc3 dxe4 4. Nxe4 Nd7 5. Bd3 Be7 6. Nf3 Ngf6 7. 0-0 0-0 8. Re1 b6 9. Bg5 Bb7 10. Qe2 h6 11. Nxf6+ Nxf6 12. Bxf6 Bxf6 13. c3 Rc8 14. Rad1 Qd5 15. Qc2 Qh5 16. Be4 Bxe4 17. Rxe4 Rfd8 18. Qe2 c5 19. g4 Qd5 20. c4 Qc6 21. d5 exd5 22. Rxd5 Rxd5 23. cxd5 Qxd5 1/2-1/2

[Event "Niedersachsen-ch Seniors 51st"]
[Site "Handeloh"]
[Date "2017.06.18"]
[Round "1"]
[White "Gerhardt, Peter Michael"]
[Black "Schencke, Guenther"]
[Result "1-0"]
[WhiteElo "1834"]
[BlackElo "1575"]
[PlyCount "31"]
[EventDate "2017.06.18"]
[EventType "swiss"]
[EventRounds "7"]
[EventCountry "GER"]
[SourceTitle "EXT 2023"]
[Source "ChessBase"]
[SourceDate "2022.10.05"]
[SourceVersion "1"]
[SourceVersionDate "2022.10.05"]
[SourceQuality "1"]

1. d4 Nf6 2. c4 e6 3. a3 d5 4. Nc3 Be7 5. Nf3 0-0 6. Bg5 h6 7. Bh4 b6 8. e3 Bb7 9. Be2 Nbd7 10. 0-0 Ne4 11. Bxe7 Qxe7 12. Rc1 Ndf6 13. Ne5 Nxc3 14. Rxc3 Ne4 15. Rc2 f6 16. Ng6 1-0

[Event "Schleswig Holstein-ch Seniors op 10th"]
[Site "Buesum"]
[Date "2016.10.04"]
[Round "9"]
[White "Schencke, Guenther"]
[Black "Hellwege, Werner"]
[Result "1/2-1/2"]
[WhiteElo "1776"]
[BlackElo "1874"]
[PlyCount "85"]
[EventDate "2016.09.26"]
[EventType "swiss"]
[EventRounds "9"]
[EventCountry "GER"]
[SourceTitle "EXT 2019"]
[Source "ChessBase"]
[SourceDate "2018.10.10"]
[SourceVersion "1"]
[SourceVersionDate "2018.10.10"]
[SourceQuality "1"]

1. d4 Nf6 2. c4 e6 3. Nf3 d5 4. Nc3 Be7 5. Bf4 0-0 6. e3 c5 7. dxc5 Bxc5 8. Qc2 Nc6 9. Rd1 Qa5 10. a3 Ne4 11. Nd4 Bxd4 12. exd4 Nxc3 13. Qxc3 Qxc3+ 14. bxc3 Re8 15. Be3 b6 16. cxd5 exd5 17. Bb5 Bb7 18. 0-0 Rec8 19. c4 dxc4 20. Bxc4 Na5 21. Ba2 Rc3 22. Bc1 Rd8 23. Rfe1 Kf8 24. Re3 Rc7 25. Bd2 Nc6 26. d5 Nb8 27. Bb4+ Kg8 28. d6 Rcd7 29. Bb3 Bc6 30. Rde1 Kf8 31. Re7 a5 32. Bc3 Na6 33. Bxf7 Rxd6 34. Bxg7+ Kxg7 35. Bc4+ Kh6 36. Bxa6 Rd1 37. R7e6+ Kg5 38. Kf1 Rxe1+ 39. Kxe1 Bxg2 40. Rxb6 Bf3 41. Be2 Re8 42. Rb2 Re7 43. Kf1 1/2-1/2

[Event "Schleswig Holstein-ch Seniors op 10th"]
[Site "Buesum"]
[Date "2016.09.28"]
[Round "3"]
[White "Schencke, Guenther"]
[Black "Engel, Peter"]
[Result "1-0"]
[WhiteElo "1776"]
[BlackElo "1466"]
[PlyCount "83"]
[EventDate "2016.09.26"]
[EventType "swiss"]
[EventRounds "9"]
[EventCountry "GER"]
[SourceTitle "EXT 2019"]
[Source "ChessBase"]
[SourceDate "2018.10.10"]
[SourceVersion "1"]
[SourceVersionDate "2018.10.10"]
[SourceQuality "1"]

1. d4 g6 2. Nf3 Nf6 3. c4 Bg7 4. Nc3 d5 5. cxd5 Nxd5 6. Bd2 0-0 7. e3 c6 8. Be2 b5 9. Rc1 Bb7 10. 0-0 Nd7 11. Ne4 e5 12. dxe5 Nxe5 13. Nc5 Bc8 14. Nxe5 Bxe5 15. Qc2 Ne7 16. Bc3 Qc7 17. Bxe5 Qxe5 18. Bf3 Nd5 19. Nd3 Qe6 20. Qxc6 Bd7 21. Qxd5 Qxd5 22. Bxd5 Rad8 23. Ne5 Be8 24. Nc6 Rd7 25. e4 Kg7 26. Rfd1 f6 27. Nd4 Kh6 28. Ne6 Rh8 29. Nc7 Re7 30. Nxe8 Rhxe8 31. f4 Kg7 32. Rc5 a6 33. Rdc1 f5 34. e5 g5 35. g3 gxf4 36. gxf4 Rd8 37. Rc7 Kf8 38. Rxe7 Kxe7 39. Rc7+ Kf8 40. Bb3 Rd4 41. Rf7+ Ke8 42. Rxf5 1-0

[Event "Schleswig Holstein-ch Seniors op 9th"]
[Site "Buesum"]
[Date "2015.10.07"]
[Round "9"]
[White "Ungar, Benedict"]
[Black "Schencke, Guenther"]
[Result "1/2-1/2"]
[WhiteElo "1690"]
[BlackElo "1788"]
[PlyCount "115"]
[EventDate "2015.09.28"]
[EventType "swiss"]
[EventRounds "9"]
[EventCountry "GER"]
[SourceTitle "EXT 2018"]
[Source "ChessBase"]
[SourceDate "2017.10.13"]
[SourceVersion "1"]
[SourceVersionDate "2017.10.13"]
[SourceQuality "1"]

1. Nf3 d5 2. g3 Nf6 3. Bg2 c6 4. c4 Bf5 5. cxd5 cxd5 6. d3 e6 7. Qb3 Qc8 8. 0-0 Nc6 9. Nh4 Bg4 10. Re1 h6 11. h3 g5 12. Nf3 Bf5 13. Na3 Bg7 14. Bd2 0-0 15. Rac1 Qd7 16. Kh2 Rfc8 17. e3 Ne8 18. e4 dxe4 19. dxe4 Bg6 20. Bc3 Nf6 21. Ne5 Nxe5 22. Bxe5 Rxc1 23. Rxc1 Ne8 24. Rd1 Qe7 25. Bxg7 Kxg7 26. e5 Rb8 27. Qb5 a6 28. Qd7 Kf8 29. Qxe7+ Kxe7 30. Nc4 b5 31. Na5 Rc8 32. Nc6+ Kf8 33. b4 f5 34. f4 gxf4 35. gxf4 Nc7 36. Rd8+ Rxd8 37. Nxd8 Ke8 38. Nb7 Ke7 39. Nc5 Be8 40. Kg3 Kf7 41. Bb7 Ke7 42. Nxa6 Nxa6 43. Bxa6 Kf7 44. Bb7 Ke7 45. Kf2 Kd7 46. Ke3 Kc7 47. Bf3 Kb6 48. Kd4 Bf7 49. h4 Be8 50. Bd1 Bc6 51. Bc2 Be8 52. Bb3 Bd7 53. a3 Bc8 54. a4 bxa4 55. Bxa4 Bb7 56. Bb3 Bc8 57. Bc4 Bd7 58. Bb3 1/2-1/2

[Event "Niedersachsen-ch Seniors 49th"]
[Site "Wesel Undeloh"]
[Date "2015.07.21"]
[Round "3"]
[White "Weczerek, Dieter"]
[Black "Schencke, Guenther"]
[Result "1/2-1/2"]
[WhiteElo "1678"]
[BlackElo "1591"]
[PlyCount "120"]
[EventDate "2015.07.19"]
[EventType "swiss"]
[EventRounds "7"]
[EventCountry "GER"]
[SourceTitle "EXT 2018"]
[Source "ChessBase"]
[SourceDate "2017.10.13"]
[SourceVersion "1"]
[SourceVersionDate "2017.10.13"]
[SourceQuality "1"]

1. e4 e6 2. d4 d5 3. e5 c5 4. c3 Nc6 5. Nf3 Bd7 6. dxc5 Bxc5 7. Bd3 Nge7 8. Qc2 Ng6 9. Bg5 Qc7 10. Bxg6 hxg6 11. Qe2 Be7 12. Bxe7 Nxe7 13. h4 Nc6 14. Nbd2 f6 15. exf6 gxf6 16. 0-0-0 0-0-0 17. Nb3 Ne7 18. Kb1 e5 19. Ka1 Ba4 20. Nfd2 Kb8 21. Rc1 Bxb3 22. Nxb3 Qc4 23. Qf3 Qc6 24. h5 gxh5 25. Rxh5 Rxh5 26. Qxh5 Qe6 27. Qe2 Rh8 28. f4 Qd6 29. fxe5 fxe5 30. Rf1 Nc6 31. a3 Rg8 32. Rd1 Rd8 33. Nd2 d4 34. Nf3 Qf6 35. Qe4 dxc3 36. Rxd8+ Qxd8 37. bxc3 Qd6 38. Kb2 Qc5 39. c4 Qf2+ 40. Qc2 Qxc2+ 41. Kxc2 Kc7 42. Kd3 Kd6 43. Ke4 Ke6 44. g4 b6 45. g5 a6 46. g6 Kf6 47. g7 Kxg7 48. Nxe5 Nb8 49. Kd5 Kf6 50. Nc6 Nd7 51. Nb4 b5 52. c5 a5 53. Nd3 b4 54. a4 b3 55. Nb2 Ke7 56. c6 Nb6+ 57. Kc5 Nc8 58. Kb5 Kd6 59. Nc4+ Kc7 60. Kxa5 Kxc6 1/2-1/2

[Event "Schleswig Holstein-ch Seniors op"]
[Site "Buesum"]
[Date "2014.10.03"]
[Round "9"]
[White "Schencke, Guenther"]
[Black "Schumacher, Ursula"]
[Result "1-0"]
[WhiteElo "1799"]
[BlackElo "1689"]
[PlyCount "87"]
[EventDate "2014.09.25"]
[EventType "swiss"]
[EventRounds "9"]
[EventCountry "GER"]
[SourceTitle "EXT 2018"]
[Source "ChessBase"]
[SourceDate "2017.10.13"]
[SourceVersion "1"]
[SourceVersionDate "2017.10.13"]
[SourceQuality "1"]

1. d4 c6 2. c4 d5 3. cxd5 cxd5 4. Nc3 Bf5 5. Bf4 e6 6. Qb3 b6 7. Nf3 Nc6 8. e3 Bb4 9. Bb5 Nge7 10. Ne5 Rc8 11. Nxc6 Bxc3+ 12. bxc3 Nxc6 13. Qa4 Qd7 14. 0-0 0-0 15. Rfc1 Qb7 16. Ba6 Qa8 17. Bxc8 Rxc8 18. c4 dxc4 19. Qxc4 Be4 20. f3 Ne7 21. Qe2 Bb7 22. Rxc8+ Qxc8 23. e4 h6 24. Rc1 Qd7 25. Qb2 Nc6 26. Be3 Ne7 27. Qc3 Bc6 28. Qc4 Kh7 29. Bf4 f6 30. Bg3 a5 31. Bf2 Qd6 32. Qc3 f5 33. exf5 exf5 34. Re1 Nd5 35. Qc2 Qg6 36. Re5 Nf4 37. Qxf5 Qxf5 38. Rxf5 Nd5 39. Re5 b5 40. Re6 Bd7 41. Rd6 Nf6 42. Bh4 g5 43. Bg3 Kg6 44. Be5 1-0

[Event "Schleswig Holstein-ch Seniors op"]
[Site "Buesum"]
[Date "2014.09.28"]
[Round "4"]
[White "Quiring, Nikolai"]
[Black "Schencke, Guenther"]
[Result "1-0"]
[WhiteElo "2048"]
[BlackElo "1799"]
[PlyCount "97"]
[EventDate "2014.09.25"]
[EventType "swiss"]
[EventRounds "9"]
[EventCountry "GER"]
[SourceTitle "EXT 2018"]
[Source "ChessBase"]
[SourceDate "2017.10.13"]
[SourceVersion "1"]
[SourceVersionDate "2017.10.13"]
[SourceQuality "1"]

1. d4 d5 2. c4 c6 3. cxd5 cxd5 4. Nc3 Nf6 5. Bf4 Nc6 6. e3 a6 7. Rc1 e6 8. Bd3 Bd6 9. Bxd6 Qxd6 10. f4 Bd7 11. Nf3 Rc8 12. Ne5 0-0 13. 0-0 Nb8 14. g4 Bc6 15. Qf3 Nfd7 16. g5 g6 17. Qg3 Qe7 18. Ng4 f5 19. gxf6 Nxf6 20. Nf2 Nbd7 21. Kh1 Nh5 22. Qh3 Ndf6 23. Rg1 Kh8 24. Rg5 Qf7 25. Rcg1 Rg8 26. Re5 Rce8 27. Be2 Ng7 28. Reg5 Nf5 29. Nd3 Nd7 30. a4 Rg7 31. b4 b5 32. a5 Reg8 33. Nb1 h6 34. R5g2 g5 35. fxg5 Qe7 36. Nf4 Rxg5 37. Rxg5 Rxg5 38. Ng6+ Rxg6 39. Rxg6 Qxb4 40. Rg1 Qf8 41. Bd3 Nf6 42. Bxf5 exf5 43. Qxf5 Bd7 44. Qe5 Kh7 45. Rf1 Kg6 46. Nc3 Bc6 47. Ne2 Qd8 48. Nf4+ Kh7 49. Ne6 1-0

[Event "Merano Gold Cup 39th"]
[Site "Merano"]
[Date "2011.04.30"]
[Round "1"]
[White "Lutz, Albert"]
[Black "Schencke, Guenther"]
[Result "1-0"]
[WhiteElo "2166"]
[BlackElo "1857"]
[PlyCount "41"]
[EventDate "2011.04.30"]
[EventType "swiss"]
[EventRounds "9"]
[EventCountry "ITA"]
[SourceTitle "EXT 2015"]
[Source "ChessBase"]
[SourceDate "2014.11.20"]
[SourceVersion "1"]
[SourceVersionDate "2014.11.20"]
[SourceQuality "1"]

1. Nf3 d5 2. d4 Nf6 3. g3 e6 4. Bg2 Bd6 5. 0-0 0-0 6. c4 c6 7. Nc3 Nbd7 8. Qc2 b6 9. cxd5 cxd5 10. Nb5 Bb8 11. Qc6 Ba6 12. Qxa8 Bxb5 13. Bg5 Bxe2 14. Rfe1 Ba6 15. Qc6 Qe7 16. Rac1 Rc8 17. Qxc8+ Bxc8 18. Rxc8+ Nf8 19. Rxb8 h6 20. Bxf6 gxf6 21. Rc1 1-0

[Event "Niedersachsen-ch Seniors 44th"]
[Site "Cadenberge"]
[Date "2010.04.18"]
[Round "6"]
[White "Schencke, Guenther"]
[Black "Wildner, Alfred"]
[Result "0-1"]
[WhiteElo "1499"]
[BlackElo "1589"]
[PlyCount "94"]
[EventDate "2010.04.13"]
[EventType "swiss"]
[EventRounds "9"]
[EventCountry "GER"]
[SourceTitle "EXT 2019"]
[Source "ChessBase"]
[SourceDate "2018.10.10"]
[SourceVersion "1"]
[SourceVersionDate "2018.10.10"]
[SourceQuality "1"]

1. d4 Nf6 2. Nf3 g6 3. Nc3 Bg7 4. e4 d6 5. Be3 0-0 6. Qd2 c6 7. Bh6 b5 8. Bxg7 Kxg7 9. a3 a5 10. Bd3 Bb7 11. 0-0 Nbd7 12. b4 axb4 13. axb4 Qc7 14. Qe2 e5 15. d5 cxd5 16. Nxb5 Qb6 17. Nd2 dxe4 18. Bc4 d5 19. Bb3 Ba6 20. Ra5 Bxb5 21. Qxb5 Qxb5 22. Rxb5 Rab8 23. Rxb8 Rxb8 24. c4 d4 25. b5 Nc5 26. Ra1 Nfd7 27. Ra7 f5 28. Kf1 Kf6 29. Ke2 h5 30. Ba2 d3+ 31. Kd1 Rb7 32. Ra3 Ke7 33. Nb1 Kd8 34. Nc3 Nb6 35. g3 Kc8 36. h4 Kb8 37. Kd2 Ra7 38. Rxa7 Kxa7 39. Nd5 Nxd5 40. cxd5 Nb7 41. Ke3 Nd6 42. f3 Kb6 43. fxe4 fxe4 44. Bb3 Kxb5 45. Bd1 Kc5 46. g4 hxg4 47. Bxg4 Kxd5 0-1

[Event "Niedersachsen-ch Seniors 44th"]
[Site "Cadenberge"]
[Date "2010.04.13"]
[Round "1"]
[White "Schencke, Guenther"]
[Black "Juergens, Peter1111"]
[Result "1/2-1/2"]
[WhiteElo "1499"]
[BlackElo "1826"]
[PlyCount "83"]
[EventDate "2010.04.13"]
[EventType "swiss"]
[EventRounds "9"]
[EventCountry "GER"]
[SourceTitle "EXT 2019"]
[Source "ChessBase"]
[SourceDate "2018.10.10"]
[SourceVersion "1"]
[SourceVersionDate "2018.10.10"]
[SourceQuality "1"]

1. d4 e6 2. Nf3 Nf6 3. e3 d5 4. Nbd2 Be7 5. Bd3 0-0 6. 0-0 c5 7. b3 b6 8. Bb2 Bb7 9. Qe2 Nbd7 10. e4 dxe4 11. Nxe4 cxd4 12. Bxd4 Bxe4 13. Bxe4 Nxe4 14. Qxe4 Nf6 15. Qe2 Qc7 16. c4 Qb7 17. Rad1 Rad8 18. Rd3 Qe4 19. Qxe4 Nxe4 20. Rfd1 f6 21. Kf1 Kf7 22. Ng1 e5 23. Be3 Nc3 24. Rxd8 Rxd8 25. Rxd8 Bxd8 26. a4 Ke6 27. Ne2 Nxe2 28. Kxe2 f5 29. f3 Kd6 30. Kd3 a5 31. h3 Kc6 32. g4 g6 33. Bf2 Be7 34. Be1 Bc5 35. Bc3 Kd6 36. Bb2 Ke6 37. Bc3 Bd6 38. Bb2 Bb4 39. Ba1 Be7 40. Bb2 Bf6 41. Bc1 Be7 42. Bb2 1/2-1/2

[Event "Bad Harzburg op"]
[Site "Bad Harzburg"]
[Date "2007.10.23"]
[Round "1"]
[White "Schencke, Guenther"]
[Black "Klundt, Klaus"]
[Result "0-1"]
[WhiteElo "1874"]
[BlackElo "2374"]
[PlyCount "38"]
[EventDate "2007.10.23"]
[EventType "swiss"]
[EventRounds "7"]
[EventCountry "GER"]
[SourceTitle "EXT 2009"]
[Source "ChessBase"]
[SourceDate "2008.11.26"]
[SourceVersion "1"]
[SourceVersionDate "2008.11.26"]
[SourceQuality "1"]

1. d4 Nf6 2. Nf3 g6 3. c4 Bg7 4. Nc3 0-0 5. e4 d6 6. h3 e5 7. dxe5 dxe5 8. Qxd8 Rxd8 9. Bg5 c6 10. Be2 Na6 11. 0-0 Nc5 12. Rad1 Re8 13. Bxf6 Bxf6 14. b4 Ne6 15. c5 a5 16. a3 axb4 17. axb4 Ra3 18. Rd3 Nf4 19. Re3 Rxc3 0-1

[Event "Niedersachsen-ch Seniors op 10th"]
[Site "Bad Bevensen"]
[Date "2007.07.06"]
[Round "4"]
[White "Perk, Egbert"]
[Black "Schencke, Guenther"]
[Result "1-0"]
[WhiteElo "1886"]
[BlackElo "1689"]
[PlyCount "67"]
[EventDate "2007.07.03"]
[EventType "swiss"]
[EventRounds "9"]
[EventCountry "GER"]
[SourceTitle "EXT 2022"]
[Source "ChessBase"]
[SourceDate "2021.10.06"]
[SourceVersion "1"]
[SourceVersionDate "2021.10.06"]
[SourceQuality "1"]

1. d4 e6 2. Nf3 Nf6 3. e3 b6 4. Bd3 Bb7 5. Nbd2 d5 6. Ne5 Be7 7. f4 0-0 8. Qf3 c5 9. c3 Nbd7 10. 0-0 Re8 11. g4 Nf8 12. g5 N6d7 13. h4 f5 14. gxf6 Bxf6 15. h5 Re7 16. Qh3 Qe8 17. Ndf3 g6 18. h6 Nxe5 19. fxe5 Bh8 20. Ng5 Rc8 21. Bd2 Rcc7 22. Rf2 Rf7 23. Nxf7 Rxf7 24. Rxf7 Qxf7 25. Rf1 Qe7 26. Qg4 Bc6 27. Be1 Bd7 28. Bh4 Qe8 29. Qf4 Bc8 30. Bf6 Nd7 31. Bxh8 Kxh8 32. Bb5 Kg8 33. Bxd7 Bxd7 34. Qf6 1-0